Cómo cultivar el champiñón, la trufa y otros hongos / (Record no. 63141)

MARC details
000 -LEADER
campo de control de longitud fija 00543nam a2200181 i 4500
001 - NÚMERO DE CONTROL
campo de control 63141
003 - IDENTIFICADOR DE NÚMERO DE CONTROL
campo de control ES-MaACL
005 - FECHA Y HORA DE LA ÚLTIMA TRANSACCIÓN
campo de control 20230906164808.0
007 - CAMPO FIJO DE DESCRIPCIÓN FÍSICA--INFORMACIÓN GENERAL
campo de control de longitud fija t|
008 - DATOS DE LONGITUD FIJA--INFORMACIÓN GENERAL
campo de control de longitud fija 031128s1969 sp f |||| | spa d
080 ## - NÚMERO DE LA CLASIFICACIÓN DECIMAL UNIVERSAL
Número de la Clasificación Decimal Universal 635.82/.83-15
100 1# - ENTRADA PRINCIPAL--NOMBRE DE PERSONA
Nombre de persona Ferrán Lamich, José.
9 (RLIN) 50246
245 10 - MENCIÓN DEL TÍTULO
Título Cómo cultivar el champiñón, la trufa y otros hongos /
Mención de responsabilidad, etc. por José Ferrán Lamich.
260 ## - PUBLICACIÓN, DISTRIBUCIÓN, ETC.
Lugar de publicación, distribución, etc. Barcelona :
Nombre del editor, distribuidor, etc. Aedos,
Fecha de publicación, distribución, etc. [1969]
300 ## - DESCRIPCIÓN FÍSICA
Extensión 188 p., 2 lám. ;
Dimensiones 20 cm.
650 04 - PUNTO DE ACCESO ADICIONAL DE MATERIA--TÉRMINO DE MATERIA
Término de materia o nombre geográfico como elemento de entrada Setas comestibles-
Subdivisión general Cultivo.
9 (RLIN) 17073
852 ## - LOCALIZACIÓN
Ubicación ES-MaACL
Número de control de estantería C-36815
Holdings
Estatus retirado Estado de pérdida Estado de daño No para préstamo Biblioteca de origen Biblioteca actual Ubicación en estantería Fecha de adquisición Fuente de adquisición Total de préstamos Signatura topográfica completa Código de barras Visto por última vez Precio de reemplazo Tipo de ítem Koha
        Biblioteca del Ateneo de Madrid Biblioteca del Ateneo de Madrid Depósito 2 17/01/2008     C-36815 1066189 23/02/2023 23/02/2023 Libro impreso